<?xml version="1.0" encoding="UTF-8"?>
<record
    xmlns:xsi="http://www.w3.org/2001/XMLSchema-instance"
    xsi:schemaLocation="http://www.loc.gov/MARC21/slim http://www.loc.gov/standards/marcxml/schema/MARC21slim.xsd"
    xmlns="http://www.loc.gov/MARC21/slim">

  <leader>01059cam a2200253 a 4500</leader>
  <controlfield tag="001">1702537</controlfield>
  <controlfield tag="003">BD-DhUL</controlfield>
  <controlfield tag="005">20160622120503.0</controlfield>
  <controlfield tag="008">911202s1912    xxkaf         100 0 eng  </controlfield>
  <datafield tag="035" ind1=" " ind2=" ">
    <subfield code="a">1702537</subfield>
  </datafield>
  <datafield tag="040" ind1=" " ind2=" ">
    <subfield code="c">BD-DhUL</subfield>
    <subfield code="d">BD-DhUL</subfield>
  </datafield>
  <datafield tag="082" ind1=" " ind2=" ">
    <subfield code="a">380.4</subfield>
    <subfield code="b">JAL</subfield>
  </datafield>
  <datafield tag="245" ind1="0" ind2="0">
    <subfield code="a">Lectures on British commerce :</subfield>
    <subfield code="b">including finance, insurance, business and industry /</subfield>
    <subfield code="c"> Frederick Huth Jackson ... [et al.] ; with a preface by W. Pember Reeves.</subfield>
  </datafield>
  <datafield tag="260" ind1=" " ind2=" ">
    <subfield code="a">London :</subfield>
    <subfield code="b">Sir I. Pitman,</subfield>
    <subfield code="c">1912.</subfield>
  </datafield>
  <datafield tag="300" ind1=" " ind2=" ">
    <subfield code="a">xvi, 279 p., [2] fold. leaves of plates :</subfield>
    <subfield code="b">diagrs. ;</subfield>
    <subfield code="c">22 cm.</subfield>
  </datafield>
  <datafield tag="500" ind1=" " ind2=" ">
    <subfield code="a">Selected lectures from the fifth international course in commercial education sponsored by the International Society for the Promotion of Commercial Education, in London, July 24-Aug. 11, 1911.</subfield>
  </datafield>
  <datafield tag="650" ind1=" " ind2="0">
    <subfield code="a">Shipping</subfield>
    <subfield code="z">Great Britain.</subfield>
  </datafield>
  <datafield tag="650" ind1=" " ind2="0">
    <subfield code="a">Finance</subfield>
    <subfield code="z">Great Britain.</subfield>
  </datafield>
  <datafield tag="650" ind1=" " ind2="0">
    <subfield code="a">Insurance</subfield>
    <subfield code="z">Great Britain.</subfield>
  </datafield>
  <datafield tag="651" ind1=" " ind2="0">
    <subfield code="a">Great Britain</subfield>
    <subfield code="x">Economic conditions.</subfield>
  </datafield>
  <datafield tag="700" ind1="1" ind2=" ">
    <subfield code="a">Jackson, Frederick Huth,</subfield>
    <subfield code="d">1863-1921.</subfield>
  </datafield>
  <datafield tag="942" ind1=" " ind2=" ">
    <subfield code="2">ddc</subfield>
    <subfield code="c">BK</subfield>
  </datafield>
  <datafield tag="984" ind1=" " ind2=" ">
    <subfield code="a">ANL</subfield>
    <subfield code="c">380.942 JAC</subfield>
  </datafield>
  <datafield tag="999" ind1=" " ind2=" ">
    <subfield code="c">79815</subfield>
    <subfield code="d">79815</subfield>
  </datafield>
  <datafield tag="952" ind1=" " ind2=" ">
    <subfield code="0">0</subfield>
    <subfield code="1">0</subfield>
    <subfield code="2">ddc</subfield>
    <subfield code="4">0</subfield>
    <subfield code="6">380_400000000000000_JAL</subfield>
    <subfield code="7">0</subfield>
    <subfield code="8">NFIC</subfield>
    <subfield code="9">134358</subfield>
    <subfield code="a">DUL</subfield>
    <subfield code="b">DUL</subfield>
    <subfield code="c">GEN</subfield>
    <subfield code="d">2016-06-22</subfield>
    <subfield code="e">Purchased</subfield>
    <subfield code="o">380.4 JAL</subfield>
    <subfield code="p">A150398</subfield>
    <subfield code="r">2016-06-22</subfield>
    <subfield code="t">2</subfield>
    <subfield code="w">2016-06-22</subfield>
    <subfield code="y">BK</subfield>
  </datafield>
  <datafield tag="952" ind1=" " ind2=" ">
    <subfield code="0">0</subfield>
    <subfield code="1">0</subfield>
    <subfield code="2">ddc</subfield>
    <subfield code="4">0</subfield>
    <subfield code="6">380_400000000000000_JAL</subfield>
    <subfield code="7">0</subfield>
    <subfield code="8">NFIC</subfield>
    <subfield code="9">134361</subfield>
    <subfield code="a">DUL</subfield>
    <subfield code="b">DUL</subfield>
    <subfield code="c">GEN</subfield>
    <subfield code="d">2016-06-22</subfield>
    <subfield code="e">Purchased</subfield>
    <subfield code="o">380.4 JAL</subfield>
    <subfield code="p">A150397</subfield>
    <subfield code="r">2016-06-22</subfield>
    <subfield code="t">1</subfield>
    <subfield code="w">2016-06-22</subfield>
    <subfield code="y">BK</subfield>
  </datafield>
</record>
